000
00273nam a2200109Ia 4500
008
220204s9999 xx 000 0 und d
082
_a
678.074
_b
IRS;1
245
0
_a
Outlook for elastomers 2000-2001
260
_a
UK
_b
IRSG
_c
2000
650
_a
Elastomer industry
942
_c
BK
999
_c
44179
_d
44179